zpět

Detail výsledku týmu

Pardubický Pub PO, Pardubice

Datum a čas kvízu

20 Celkem bodů Celkový počet nahraných bodů na tomto kvízu bez doplňovacích otázek.
7. Pořadí na kvízu Konečné umístění týmu na tomto kvízu.

Zaznamenané odpovědi

# Otázka Odpověď Body Výsledky
1. Jak se jmenuje bývalý vrcholný... Jan Hamáček 0
2. Ve kterém německém městě se mi... v Mnichově 1
3. Minulý týden v úterý oslavil p... Robbie Williams 0
4. Vědci objevili v Peru dva nové... Iron Maiden 0
5. Martina Sáblíková obhájila na... 33. medaile (uznáváme 30–36) 0
6. Obec s nejdelším názvem v Česk... A 1
7. Česká republika se dělí na 14... Karlovy Vary, Jihlava 0.5
8. Nejníže položené sídlo v České... Hřensko 1
9. V této otázce bude potřeba k z... 1C 2B 3A 4D 0
10. V České republice jsou čtyři ú... Krkonošský NP 0